Samara Weaving Filmography - Statistics

General Stats
  • This quiz has been taken 20 times
    3 since last reset
  • The average score is 29 of 45
Answer Stats
Type Year Name % Correct
Film 2020 100% Wolf
100%
Film 2024 200% Wolf
100%
Film 2025 Borderline
100%
Film 2019 Guns Akimbo
100%
Film 2017 Mayhem
100%
Film 2016 Monster Trucks
100%
Film 2013 Mystery Road
100%
Film 2019 Ready or Not
100%
Film 2026 Ready or Not 2: Here I Come
100%
Film 2017 The Babysitter
100%
Film 2020 The Babysitter: Killer Queen
100%
Film 2017 Three Billboards Outside Ebbing, Missouri
100%
TV Show 2015, 2016 Ash vs Evil Dead
67%
Music Video 2017 Attention
67%
Film 2024 Azrael
67%
Film 2022 Babylon
67%
Film 2016 Bad Girl
67%
Film 2020 Bill & Ted Face the Music
67%
Film 2025 Carolina Caroline
67%
Film 2022 Chevalier
67%
Film 2025 Eenie Meanie
67%
TV Show 2009-2013 Home and Away
67%
Film 2020 Last Moment of Clarity
67%
Web Mini-Series 2021 Nine Perfect Strangers
67%
Film 2026 Over Your Dead Body
67%
TV Mini-Series 2018 Picnic at Hanging Rock
67%
Film 2023 Scream VI
67%
Short Film 2009 Sprung
67%
Film 2022 The Valet
67%
Award Show 2011 1st AACTA Awards
33%
Film TBA Bella
33%
TV Mini-Series TBA Down the Rabbit Hole
33%
Short Documentary 2014 Flex Off 2014
33%
Short Film 2014 Growing Young
33%
Short Film 2015 He Who Has It All
33%
Web Mini-Series 2020 Hollywood
33%
Short Film 2023 La Snob
33%
Web Series TBA Little Sky
33%
Film TBA Liz
33%
Web Series 2021 No Activity
33%
TV Show 2008 Out of the Blue
33%
TV Show 2017-2019 SMILF
33%
Film 2021 Snake Eyes
33%
Web Series 2015 Squirrel Boys
33%
Short Film 2009 Steps
33%
No matching quizzes found
Score Distribution
Percent of People with Each Score
Percentile by Number Answered
Your Score History
You have not taken this quiz since the last reset